000 00759nam a2200241Ia 4500
003 OSt
005 20220918165537.0
006 a|||||r|||| 00| 0
007 ta
008 220917b |||||||| |||| 00| 0 eng d
020 _a812600794X (hbk)
_c1200
024 _a236,796
037 _bB266, 14/01/2009, Bharat Pustak Bhandar
_cTextual
040 _aARTS
_cARTS
_beng
041 _2eng
_aeng
082 _aO111944xD, P0.1-.3
100 _aSharma TRS
_924692
245 0 _aAncient Indian literature
_b An anthology
260 _aNew Delhi
_bSahitya Akademi India
_c2000
650 _aENGLISH LITERATURE
942 _hO111944xD, P0.1-.3
_cTEXL
_2CC
999 _c130298
_d130298